African societies in Southern Africa : historical studies

Αποθηκεύτηκε σε:
Λεπτομέρειες βιβλιογραφικής εγγραφής
Άλλοι συγγραφείς: Thompson, Leonard Monteath (Επιμελητής έκδοσης)
Μορφή: Βιβλίο
Γλώσσα:English
Δημοσίευση: London : Heinemann, 1969.
Θέματα:
Ετικέτες: Προσθήκη ετικέτας
Δεν υπάρχουν, Καταχωρήστε ετικέτα πρώτοι!

MARC

LEADER 00000cam a2200000 a 4500
001 1/113736
008 170427s1969####enk| ||| |||| | eng||
040 |a GR-MyUa  |b gre  |c GR-MyUa  |e AACR2 
041 0 |a eng 
082 7 |a 306.096   |2 (23) 
245 0 0 |a African societies in Southern Africa :   |b historical studies /   |c edited by Leonard Thompson.  
260 |a London :   |b Heinemann,   |c 1969.  
300 |a xiii, 336 σ. ;   |c 23 εκ.  
500 |a Papers of a conference held at the University of Zambia, Lusaka, in July, 1968.  
504 |a Περιλαμβάνει βιβλιογραφία.  
650 0 |a Ethnology  |z Africa, Southern. 
651 0 |a Africa, Southern  |x Social life and customs. 
700 1 |a Thompson, Leonard Monteath,  |e edt 
852 |a INST  |b LESVOS  |e 20170427  |h 306.096 AFR  |p 005100059077  |q 005100059077  |t BK  |y 0 
970 |a Τζαφέρη  |b Ευαγγελία  |z 27-04-2017